|
|
|
|
| LEADER |
00000nab a2200000 a 4500 |
| 001 |
vtls010678003 |
| 003 |
SK-MaSNL |
| 005 |
20260318132851.0 |
| 008 |
150511c20150511xo d| | 000 0|2hun |
| 015 |
|
|
|a SNBRB2015/05
|
| 038 |
|
|
|a DSZK
|
| 040 |
|
|
|a DSZK
|b slo
|c DSZK
|e AACR2
|
| 041 |
0 |
|
|a hun
|
| 044 |
|
|
|a xo
|c SK
|
| 080 |
|
|
|a 796.323.2
|x (437.612)
|2 2001
|
| 245 |
0 |
0 |
|a Nem lettek negyedszer bajnokok
|c [szerző] (jmk)
|
| 610 |
2 |
7 |
|a ŠBK Šamorín
|2 dszk
|9 1194104
|
| 611 |
2 |
7 |
|a Majstrovstvá Slovenska v basketbale
|d (2015 :
|c Levice, Slovensko)
|2 dszk
|9 1195173
|
| 648 |
|
7 |
|a 2015
|2 dszk
|9 337775
|
| 650 |
0 |
7 |
|a kadetky
|2 dszk
|9 877979
|
| 651 |
|
7 |
|a Šamorín (Slovensko)
|2 SNKPHgeo
|9 28925
|
| 651 |
|
7 |
|a Levice (Slovensko)
|2 SNKPHgeo
|9 55713
|
| 773 |
0 |
|
|t Új szó
|g Évf. 68, sz. 106 (2015.5.11), o. 20
|x 1335-7050
|
| 852 |
|
|
|a DSZK
|b KIS3GCP
|
| 958 |
|
|
|a HU
|
| 958 |
|
|
|a SK
|
| 999 |
|
|
|c 2079880
|d 2081810
|